[Event "DEM U18w 2005"]
[Site "Willingen GER"]
[Date "2005.05.16"]
[Round "3"]
[White "Hofmann, Annett"]
[Black "Hoolt, Sarah"]
[Result "0-1"]
[Termination "normal"]
[Board "5"]
[WhiteElo "1978"]
[BlackElo "2050"]
[PlyCount "144"]
[WhiteFideId "24603759"]
[BlackFideId "24606812"]
[EventCountry "GER"]
[EventRounds "9"]
[EventType "swiss"]
[EventDate "2005.05.15"]

1. e4 e6 2. d4 d5 3. Nc3 Bb4 4. exd5 exd5 5. Bd3 h6 6. Nge2 Nf6 7. a3 Ba5 8.
O-O Be6 9. Nf4 O-O 10. Nxe6 fxe6 11. Bg6 Nc6 12. Bf4 Nd7 13. Qg4 Qf6 14. Bg3
Ne7 15. Bd3 Nf5 16. Ne2 Bb6 17. c3 c5 18. Bb5 Rad8 19. Bxd7 Rxd7 20. Be5 Qf7
21. Rac1 h5 22. Qf4 Qg6 23. dxc5 Bxc5 24. Qa4 Qf7 25. Nf4 Rdd8 26. Qd1 g6 27.
Qd2 Be7 28. Qe2 Bg5 29. Rc2 Nh6 30. Nd3 Qf5 31. Bd4 b6 32. Qe5 Qxe5 33. Nxe5
Kh7 34. Re2 Rd6 35. Rfe1 Re8 36. Nf3 Bd8 37. Be5 Rd7 38. Nd4 Nf7 39. Nc6 Bg5
40. f4 Bh6 41. Bb8 Nd8 42. Nxd8 Rexd8 43. Be5 Re8 44. Bd4 Rd6 45. g3 Bg7 46.
Bxg7 Kxg7 47. Kf2 Kf6 48. Re5 d4 49. cxd4 Rxd4 50. R1e2 h4 51. Kf3 hxg3 52.
hxg3 Rd1 53. Kf2 Rh1 54. Kg2 Rh5 55. Rxh5 gxh5 56. Kh3 Rd8 57. Kh4 Rd5 58. Rc2
a5 59. Rc8 Rb5 60. Rc2 Rb3 61. Rg2 Kg6 62. Re2 Kf5 63. Kxh5 Rxg3 64. Re5+ Kxf4
65. Rxe6 Kf5 66. Kh4 Kxe6 67. Kxg3 Kd5 68. b3 Kd4 69. b4 axb4 70. axb4 Kc4 71.
Kf3 Kxb4 72. Ke3 Kc3 0-1

[Event "DEM U18w 2005"]
[Site "Willingen GER"]
[Date "2005.05.16"]
[Round "3"]
[White "Dietzen, Corinna"]
[Black "Butschek, Tanja"]
[Result "0-1"]
[Termination "normal"]
[Board "6"]
[WhiteElo "1895"]
[BlackElo "2025"]
[PlyCount "72"]
[WhiteFideId "24621021"]
[BlackFideId "24604640"]
[EventCountry "GER"]
[EventRounds "9"]
[EventType "swiss"]
[EventDate "2005.05.15"]

1. c4 e5 2. Nc3 Nc6 3. g3 f5 4. Bg2 Nf6 5. d3 Bb4 6. Bd2 O-O 7. Nf3 d6 8. a3
Bxc3 9. Bxc3 Qe8 10. O-O Qh5 11. e3 f4 12. b4 Bh3 13. b5 Nd8 14. Bxh3 Qxh3 15.
Ng5 Qf5 16. Nf3 Ne6 17. Kg2 Rf7 18. h3 Raf8 19. e4 Qh5 20. Nh4 f3+ 21. Qxf3
Qxf3+ 22. Nxf3 Nxe4 23. dxe4 Rxf3 24. Bd2 Nc5 25. Be3 Nxe4 26. Rae1 b6 27. h4
Nc5 28. Bxc5 bxc5 29. Re3 Rxe3 30. fxe3 Rxf1 31. Kxf1 e4 32. g4 Kf7 33. Ke2 Ke6
34. a4 d5 35. cxd5+ Kxd5 36. Kd2 Kc4 0-1

[Event "DEM U18w 2005"]
[Site "Willingen GER"]
[Date "2005.05.16"]
[Round "3"]
[White "Chin, Karin"]
[Black "Wirths, Clara"]
[Result "1/2-1/2"]
[Termination "normal"]
[Board "7"]
[WhiteElo "1991"]
[BlackElo "1841"]
[PlyCount "89"]
[WhiteFideId "24608157"]
[BlackFideId "24632597"]
[EventCountry "GER"]
[EventRounds "9"]
[EventType "swiss"]
[EventDate "2005.05.15"]

1. e4 c5 2. Nf3 Nc6 3. d4 cxd4 4. Nxd4 e6 5. Nc3 a6 6. Be2 Nge7 7. Bg5 Nxd4 8.
Qxd4 Nc6 9. Qd2 Be7 10. Bf4 d6 11. Rd1 e5 12. Be3 Be6 13. O-O O-O 14. Kh1 f5
15. exf5 Bxf5 16. Bc4+ Kh8 17. f4 Qe8 18. Nd5 Rd8 19. Bb6 Rd7 20. Ne3 Bd8 21.
Bxd8 Rxd8 22. Nxf5 Rxf5 23. fxe5 Rxf1+ 24. Rxf1 dxe5 25. Qg5 h6 26. Qe3 e4 27.
h3 Qe5 28. Re1 b5 29. Bb3 Re8 30. c3 b4 31. Bc2 bxc3 32. bxc3 Qd5 33. Bxe4 Qxa2
34. Qd3 Qa4 35. Re2 Qa1+ 36. Kh2 Ne5 37. Qc2 Qf1 38. Rf2 Qc4 39. Re2 Qc7 40.
Kh1 Rf8 41. Rf2 Rxf2 42. Qxf2 Qf7 43. Qxf7 Nxf7 44. Kg1 Kg8 45. Kf2 1/2-1/2

[Event "DEM U18w 2005"]
[Site "Willingen GER"]
[Date "2005.05.16"]
[Round "3"]
[White "Hammerich, Nadine"]
[Black "Kirsch, Nicola"]
[Result "1/2-1/2"]
[Termination "normal"]
[Board "8"]
[WhiteElo "1543"]
[BlackElo "1988"]
[PlyCount "60"]
[BlackFideId "4694287"]
[EventCountry "GER"]
[EventRounds "9"]
[EventType "swiss"]
[EventDate "2005.05.15"]

1. d4 Nf6 2. c4 g6 3. Nc3 d5 4. Nf3 Bg7 5. Bg5 Ne4 6. Nxe4 dxe4 7. Ng1 Qxd4 8.
Qxd4 Bxd4 9. Rb1 Be6 10. e3 Bg7 11. b3 Nc6 12. Ne2 Rd8 13. Bf4 Nb4 14. Nd4 Nc2+
15. Ke2 Nxd4+ 16. exd4 Rxd4 17. Bxc7 O-O 18. h3 Bh6 19. Ba5 b6 20. Bb4 Rd7 21.
g3 Rfd8 22. Bg2 Bd2 23. Ba3 f5 24. Rhd1 Bc3 25. Rxd7 Rxd7 26. Rd1 Kf7 27. Rxd7
Bxd7 28. Bc1 Ke6 29. Bf4 Be5 30. Ke3 Kf6 1/2-1/2

[Event "DEM U18w 2005"]
[Site "Willingen GER"]
[Date "2005.05.16"]
[Round "3"]
[White "Reh, Theresa"]
[Black "Wetterling, Maria"]
[Result "1/2-1/2"]
[Termination "normal"]
[Board "9"]
[WhiteElo "1800"]
[BlackElo "1988"]
[PlyCount "70"]
[BlackFideId "24624292"]
[EventCountry "GER"]
[EventRounds "9"]
[EventType "swiss"]
[EventDate "2005.05.15"]

1. e4 e6 2. d4 d5 3. Nd2 c5 4. Ngf3 Nc6 5. Bb5 Bd7 6. exd5 exd5 7. dxc5 Bxc5 8.
Nb3 Qb6 9. Nxc5 Qxc5 10. Qe2+ Nge7 11. O-O Bg4 12. Bxc6+ bxc6 13. c3 O-O 14. h3
Bh5 15. Qd3 Bg6 16. Qd4 Qb5 17. Ne5 f6 18. Nxg6 Nxg6 19. a4 Qb6 20. Qd1 Ne5 21.
Qc2 a5 22. Be3 Qb7 23. b3 Rab8 24. Rab1 Qa6 25. Bf4 Rfe8 26. Rfd1 Rb7 27. Re1
Rbe7 28. Re3 Ng6 29. Rxe7 Rxe7 30. Be3 Ne5 31. Bc5 Rb7 32. Qf5 h6 33. Bd6 Qd3
34. Qxd3 Nxd3 35. Kf1 Rd7 1/2-1/2

[Event "DEM U18w 2005"]
[Site "Willingen GER"]
[Date "2005.05.16"]
[Round "3"]
[White "Seeger, Franziska"]
[Black "Stemmler, Lysan"]
[Result "1-0"]
[Termination "normal"]
[Board "10"]
[WhiteElo "2073"]
[BlackElo "1754"]
[PlyCount "69"]
[WhiteFideId "4690982"]
[BlackFideId "24622451"]
[EventCountry "GER"]
[EventRounds "9"]
[EventType "swiss"]
[EventDate "2005.05.15"]

1. e4 d6 2. d4 Nf6 3. Nc3 g6 4. f4 Bg7 5. Nf3 O-O 6. Bd3 c5 7. dxc5 dxc5 8. O-O
Nc6 9. h3 e6 10. Qe1 b6 11. a3 Bb7 12. Be3 a6 13. Qf2 Qe7 14. Rae1 Rfd8 15. g4
Nd7 16. e5 b5 17. Be4 Na5 18. Bxb7 Nxb7 19. Ne4 Rac8 20. g5 Na5 21. Nf6+ Bxf6
22. gxf6 Qf8 23. Qh4 Nc4 24. Bc1 h5 25. Rf2 Ndb6 26. Rg2 Kh8 27. Rg5 Qh6 28. f5
exf5 29. Rxf5 Qh7 30. Ng5 Qg8 31. e6 Rd4 32. Rf4 Rxf4 33. Qxf4 fxe6 34. f7 Qg7
35. Nxe6 1-0

[Event "DEM U18w 2005"]
[Site "Willingen GER"]
[Date "2005.05.16"]
[Round "3"]
[White "Salden, Franziska"]
[Black "Dauer, Christina"]
[Result "0-1"]
[Termination "normal"]
[Board "11"]
[WhiteElo "2021"]
[BlackElo "1645"]
[PlyCount "122"]
[WhiteFideId "24601268"]
[BlackFideId "24609781"]
[EventCountry "GER"]
[EventRounds "9"]
[EventType "swiss"]
[EventDate "2005.05.15"]

1. e4 e6 2. d4 d5 3. Nc3 Bb4 4. exd5 exd5 5. Bd3 Nc6 6. a3 Be7 7. Nce2 Nf6 8.
c3 Bg4 9. Qc2 Bd6 10. Bg5 h6 11. Bd2 Qe7 12. f3 Bd7 13. O-O-O O-O-O 14. Re1
Rhe8 15. Ng3 Qf8 16. N1e2 g6 17. Kb1 Na5 18. Nf1 Re6 19. Ka2 Qe8 20. Bxh6 Ba4
21. Qb1 Bb3+ 22. Ka1 Qa4 23. Bc1 Nc4 24. Bxc4 Bxc4 25. Ne3 Bb3 26. Ng3 Rde8 27.
Re2 Nd7 28. Rhe1 Qa6 29. Ngf1 Nb6 30. Nd2 Ba4 31. Ndf1 Bb5 32. Rf2 Nc4 33. g3
Na5 34. Qa2 Ba4 35. b4 Nb3+ 36. Kb1 Qd3+ 37. Kb2 Nxc1 38. Rxc1 Rxe3 39. Nxe3
Qxe3 40. Kb1 Bf8 41. f4 g5 42. fxg5 Qxg5 43. Rcf1 Bb5 44. Rd1 Bh6 45. Qc2 f5
46. Rxf5 Ba4 47. Qf2 Qg6 48. Rd3 Bb5 49. Rdf3 Bd7 50. Kb2 Bxf5 51. Rxf5 Qg4 52.
Rf3 Qe4 53. h3 Qe2+ 54. Qxe2 Rxe2+ 55. Kb3 Rh2 56. g4 Kd7 57. Rf7+ Kd8 58. Rf3
Ke7 59. Rd3 b5 60. Rf3 Bc1 61. Rd3 Rb2# 0-1

[Event "DEM U18w 2005"]
[Site "Willingen GER"]
[Date "2005.05.16"]
[Round "3"]
[White "Kohl, Annette"]
[Black "Rath, Alina"]
[Result "0-1"]
[Termination "normal"]
[Board "12"]
[WhiteElo "1567"]
[BlackElo "1726"]
[PlyCount "34"]
[BlackFideId "24607886"]
[EventCountry "GER"]
[EventRounds "9"]
[EventType "swiss"]
[EventDate "2005.05.15"]

1. e4 c5 2. Nc3 Nc6 3. f4 g6 4. Nf3 Bg7 5. Bc4 d6 6. d3 e6 7. O-O Nge7 8. Qe1
O-O 9. f5 d5 10. Bb3 Na5 11. Qh4 f6 12. fxg6 Nxg6 13. Qh5 Nxb3 14. axb3 dxe4
15. Nxe4 b6 16. Nfg5 fxg5 17. Nxg5 Bd4+ 0-1

[Event "DEM U18w 2005"]
[Site "Willingen GER"]
[Date "2005.05.16"]
[Round "3"]
[White "Janiesch, Maike"]
[Black "Kohm, Vanessa"]
[Result "0-1"]
[Termination "normal"]
[Board "14"]
[WhiteElo "1499"]
[BlackElo "1501"]
[PlyCount "72"]
[BlackFideId "4674472"]
[EventCountry "GER"]
[EventRounds "9"]
[EventType "swiss"]
[EventDate "2005.05.15"]

1. d4 d5 2. c4 e6 3. Nc3 Nf6 4. cxd5 exd5 5. Bg5 Be7 6. e3 c6 7. Bd3 O-O 8. Qc2
Nbd7 9. Nge2 Re8 10. O-O Qc7 11. Rfc1 Ng4 12. Bf4 Bd6 13. Bxh7+ Kh8 14. Bd3 Qb8
15. h3 Ngf6 16. b4 b5 17. a3 Nh5 18. Bxd6 Qxd6 19. Bxb5 a5 20. Ba4 axb4 21.
axb4 Nb6 22. Nd1 Bd7 23. Qb3 Ra7 24. b5 Nxa4 25. b6 Rb7 26. Rxa4 Qg6 27. Qb1
Bf5 28. Qb2 Bxh3 29. g3 Qe4 30. f3 Qxf3 31. Nf4 Nxf4 32. gxf4 Qg3+ 33. Kh1 Qf3+
34. Kg1 Re6 35. Ra8+ Kh7 36. f5 Qxf5 0-1

[Event "DEM U18w 2005"]
[Site "Willingen GER"]
[Date "2005.05.17"]
[Round "4"]
[White "Gussakovski, Jana"]
[Black "Hoolt, Sarah"]
[Result "0-1"]
[Termination "normal"]
[Board "2"]
[WhiteElo "2080"]
[BlackElo "2050"]
[PlyCount "66"]
[WhiteFideId "14112868"]
[BlackFideId "24606812"]
[EventCountry "GER"]
[EventRounds "9"]
[EventType "swiss"]
[EventDate "2005.05.15"]

1. e4 c5 2. c3 d5 3. exd5 Qxd5 4. d4 Nc6 5. Be3 e5 6. c4 Qd6 7. d5 Nd4 8. Nc3
f5 9. f3 Bd7 10. Bd3 Be7 11. Qd2 Nf6 12. Nge2 h6 13. Bc2 a6 14. a4 Qb6 15. O-O
g5 16. Rfe1 O-O-O 17. a5 Qc7 18. Na2 Rde8 19. Rec1 g4 20. Bxd4 gxf3 21. Bf2
fxe2 22. Re1 Rhg8 23. Rxe2 f4 24. Qc3 Bd6 25. Bh4 Ng4 26. Rae1 Ne3 27. Be4 Rg4
28. Bf2 Nxg2 29. Bxg2 Reg8 30. Bh4 Rxh4 31. Nc1 f3 32. Qxf3 Rxh2 33. Qf2 Rhxg2+
0-1

[Event "DEM U18w 2005"]
[Site "Willingen GER"]
[Date "2005.05.17"]
[Round "4"]
[White "Schulze, Dorothee"]
[Black "Katte, Isabel"]
[Result "1/2-1/2"]
[Termination "normal"]
[Board "3"]
[WhiteElo "1955"]
[BlackElo "1944"]
[PlyCount "31"]
[WhiteFideId "24609498"]
[BlackFideId "24612987"]
[EventCountry "GER"]
[EventRounds "9"]
[EventType "swiss"]
[EventDate "2005.05.15"]

1. e4 e5 2. Nf3 Nf6 3. Nxe5 d6 4. Nf3 Nxe4 5. d4 d5 6. Bd3 Bg4 7. O-O Nc6 8. c3
Be7 9. Re1 Nf6 10. Bf4 O-O 11. Nbd2 Bd6 12. Bg5 Be7 13. Nf1 h6 14. Bf4 Re8 15.
Ne3 Qd7 16. Nxg4 1/2-1/2

[Event "DEM U18w 2005"]
[Site "Willingen GER"]
[Date "2005.05.17"]
[Round "4"]
[White "Busse, Nadine"]
[Black "Rüdel, Anita"]
[Result "1-0"]
[Termination "normal"]
[Board "4"]
[WhiteElo "1710"]
[BlackElo "1628"]
[PlyCount "100"]
[WhiteFideId "24632023"]
[EventCountry "GER"]
[EventRounds "9"]
[EventType "swiss"]
[EventDate "2005.05.15"]

1. e4 e6 2. Nf3 d5 3. e5 c5 4. b4 cxb4 5. a3 Nc6 6. axb4 Bxb4 7. c3 Bc5 8. d4
Bb6 9. Bd3 Nge7 10. Na3 a6 11. O-O O-O 12. Bxh7+ Kh8 13. Bd3 Ng8 14. Ng5 Nh6
15. Qh5 Qe7 16. Nf3 f5 17. Nh4 Qf7 18. Ng6+ Kg8 19. Bxh6 gxh6 20. Qxh6 Qg7 21.
Qxg7+ Kxg7 22. Nxf8 Kxf8 23. h4 Bd7 24. g3 Na5 25. Kg2 Kg7 26. f3 Rc8 27. Nb1
Rh8 28. Rh1 Bd8 29. Nd2 Nc6 30. h5 Kh6 31. g4 Rg8 32. Kh3 f4 33. Nb3 Be7 34.
Rac1 b5 35. Ra1 Bc8 36. Bg6 Rd8 37. Rhg1 Rd7 38. Be8 Rc7 39. Nc1 Nd8 40. Ne2
Bg5 41. Bg6 Nc6 42. Rgb1 Ne7 43. Bd3 Nc6 44. Kg2 Nb8 45. Rb3 Nd7 46. Ng1 Nb6
47. Nh3 Nc4 48. Nxg5 Ne3+ 49. Kf2 Kxg5 50. h6 Kxh6 1-0

[Event "DEM U18w 2005"]
[Site "Willingen GER"]
[Date "2005.05.17"]
[Round "4"]
[White "Butschek, Tanja"]
[Black "Chin, Karin"]
[Result "1-0"]
[Termination "normal"]
[Board "5"]
[WhiteElo "2025"]
[BlackElo "1991"]
[PlyCount "93"]
[WhiteFideId "24604640"]
[BlackFideId "24608157"]
[EventCountry "GER"]
[EventRounds "9"]
[EventType "swiss"]
[EventDate "2005.05.15"]

1. e4 c5 2. Nf3 Nc6 3. Bb5 g6 4. Bxc6 dxc6 5. O-O Bg7 6. d3 Nf6 7. Nc3 O-O 8.
Be3 Nd7 9. Qd2 Re8 10. a3 e5 11. b4 Qe7 12. b5 Nf8 13. bxc6 bxc6 14. Na4 Ne6
15. Qa5 Nd4 16. Ne1 c4 17. Nb6 axb6 18. Qxa8 Bg4 19. Qa6 Be2 20. Qxb6 cxd3 21.
cxd3 Rc8 22. a4 c5 23. a5 Qc7 24. Qxc7 Rxc7 25. Rb1 h6 26. f4 Bxf1 27. Kxf1
exf4 28. Bxf4 Ra7 29. Bd2 Kh7 30. Nf3 Nc6 31. Rb5 Bf8 32. Ke2 Be7 33. Bc3 Kg8
34. Ne5 Nxe5 35. Bxe5 f6 36. Bc3 Ra8 37. Kd2 h5 38. Kc2 Kf8 39. Kb3 Ke8 40. Kc4
Kd7 41. Kd5 Ra7 42. Bd2 Ra6 43. Rb7+ Kc8 44. Rb6 Ra7 45. a6 Bd8 46. Rc6+ Bc7
47. Bf4 1-0

[Event "DEM U18w 2005"]
[Site "Willingen GER"]
[Date "2005.05.17"]
[Round "4"]
[White "Dauer, Christina"]
[Black "Seeger, Franziska"]
[Result "1-0"]
[Termination "normal"]
[Board "6"]
[WhiteElo "1645"]
[BlackElo "2073"]
[PlyCount "83"]
[WhiteFideId "24609781"]
[BlackFideId "4690982"]
[EventCountry "GER"]
[EventRounds "9"]
[EventType "swiss"]
[EventDate "2005.05.15"]

1. e4 e5 2. Nf3 Nc6 3. Bb5 a6 4. Ba4 Nf6 5. O-O Be7 6. Re1 b5 7. Bb3 d6 8. h3
O-O 9. c3 Na5 10. Bc2 c5 11. d4 Qc7 12. Nbd2 Bd7 13. Nf1 Rfc8 14. Ne3 g6 15.
dxe5 dxe5 16. Nd5 Nxd5 17. exd5 f6 18. Bh6 Nc4 19. Qe2 Nd6 20. Nh4 Nf7 21. Bd2
f5 22. Nf3 Bf6 23. Rad1 Qd6 24. h4 Re8 25. Ng5 Rad8 26. Nxf7 Kxf7 27. h5 Qxd5
28. c4 Qe6 29. Bb3 b4 30. Bxb4 Qb6 31. Bc3 Bc6 32. Qe3 Kg7 33. h6+ Kf7 34. Rxd8
Qxd8 35. Qxc5 Be4 36. Qa7+ Re7 37. Qxa6 Bb7 38. c5+ Bd5 39. Rd1 Rd7 40. Rxd5
Rxd5 41. Qb7+ Ke6 42. Qc6+ 1-0

[Event "DEM U18w 2005"]
[Site "Willingen GER"]
[Date "2005.05.17"]
[Round "4"]
[White "Großmann, Susan"]
[Black "Hammerich, Nadine"]
[Result "1-0"]
[Termination "normal"]
[Board "7"]
[WhiteElo "2026"]
[BlackElo "1543"]
[PlyCount "81"]
[WhiteFideId "24608220"]
[EventCountry "GER"]
[EventRounds "9"]
[EventType "swiss"]
[EventDate "2005.05.15"]

1. e4 e6 2. d3 c5 3. g3 Nc6 4. Bg2 g6 5. f4 Bg7 6. Nf3 Nge7 7. O-O d6 8. c3 a6
9. a4 Bd7 10. Be3 b5 11. axb5 axb5 12. Rxa8 Qxa8 13. e5 Nf5 14. Bf2 Qb8 15. Re1
c4 16. dxc4 bxc4 17. exd6 Qxb2 18. Ne5 Nxe5 19. fxe5 O-O 20. Qd2 Qxd2 21. Nxd2
Bb5 22. Rb1 Ba4 23. Rb4 Bb3 24. Nf3 f6 25. Bc5 fxe5 26. g4 e4 27. d7 Rd8 28.
Ng5 Nh4 29. Be7 Bxc3 30. Bxd8 Bxb4 31. Nxe4 Nxg2 32. Bg5 Ba5 33. Kxg2 Bc2 34.
Kf3 Kg7 35. d8=Q Bxd8 36. Bxd8 Bd3 37. Nc5 Bf1 38. Nxe6+ Kf7 39. Nc5 c3 40. Ba5
c2 41. Bd2 1-0

[Event "DEM U18w 2005"]
[Site "Willingen GER"]
[Date "2005.05.17"]
[Round "4"]
[White "Kirsch, Nicola"]
[Black "Reh, Theresa"]
[Result "1/2-1/2"]
[Termination "normal"]
[Board "8"]
[WhiteElo "1988"]
[BlackElo "1800"]
[PlyCount "55"]
[WhiteFideId "4694287"]
[EventCountry "GER"]
[EventRounds "9"]
[EventType "swiss"]
[EventDate "2005.05.15"]

1. e4 c5 2. Nc3 Nc6 3. g3 g6 4. Bg2 Bg7 5. d3 d6 6. f4 e6 7. Nf3 Nge7 8. O-O
O-O 9. Be3 Nd4 10. Qd2 Nec6 11. Rae1 Bd7 12. Qf2 Rb8 13. Nd1 Nxf3+ 14. Bxf3 Nd4
15. Bg2 b6 16. c3 Nc6 17. g4 Ne7 18. Qg3 f5 19. g5 d5 20. h4 Bb5 21. exd5 exd5
22. Bd2 d4 23. c4 Ba6 24. Qh3 Bb7 25. h5 Bxg2 26. Kxg2 Qd7 27. Rh1 Kf7 28. Qf3
1/2-1/2

[Event "DEM U18w 2005"]
[Site "Willingen GER"]
[Date "2005.05.17"]
[Round "4"]
[White "Wetterling, Maria"]
[Black "Rath, Alina"]
[Result "1/2-1/2"]
[Termination "normal"]
[Board "9"]
[WhiteElo "1988"]
[BlackElo "1726"]
[PlyCount "94"]
[WhiteFideId "24624292"]
[BlackFideId "24607886"]
[EventCountry "GER"]
[EventRounds "9"]
[EventType "swiss"]
[EventDate "2005.05.15"]

1. e4 c5 2. c3 d5 3. exd5 Qxd5 4. d4 Nf6 5. Nf3 e6 6. Bf4 Be7 7. Bb5+ Bd7 8.
Bd3 Bc6 9. c4 Qd8 10. dxc5 Bxc5 11. O-O O-O 12. Nc3 Qe7 13. Qc2 h6 14. Ne5 Rd8
15. Rad1 Nfd7 16. Rfe1 Nxe5 17. Bxe5 Nd7 18. Bf4 Qf6 19. Be3 Bxe3 20. Rxe3 Ne5
21. Qe2 Nxd3 22. Rexd3 Rxd3 23. Qxd3 Qg5 24. Ne4 Qf5 25. Nd6 Qxd3 26. Rxd3 Kf8
27. b4 Ke7 28. c5 Rb8 29. Ra3 Ra8 30. b5 Bd5 31. b6 a6 32. f3 f6 33. Rc3 Kd7
34. a4 Kc6 35. Kf2 Rf8 36. Ke3 Rb8 37. Kf4 Rf8 38. h3 Kd7 39. h4 g6 40. Ke3 Kc6
41. g4 Kd7 42. Kd4 Kc6 43. f4 Ba2 44. Re3 Bd5 45. Rc3 Ba2 46. Re3 Bd5 47. Rc3
Ba2 1/2-1/2

[Event "DEM U18w 2005"]
[Site "Willingen GER"]
[Date "2005.05.17"]
[Round "4"]
[White "Wirths, Clara"]
[Black "Hofmann, Annett"]
[Result "0-1"]
[Termination "normal"]
[Board "10"]
[WhiteElo "1841"]
[BlackElo "1978"]
[PlyCount "50"]
[WhiteFideId "24632597"]
[BlackFideId "24603759"]
[EventCountry "GER"]
[EventRounds "9"]
[EventType "swiss"]
[EventDate "2005.05.15"]

1. e4 c5 2. Nf3 d6 3. d4 cxd4 4. Nxd4 Nf6 5. Nc3 a6 6. Bd3 e6 7. O-O Qc7 8. Kh1
b5 9. Qe2 Bb7 10. f4 Be7 11. a4 b4 12. Na2 d5 13. e5 Ne4 14. Bd2 Qb6 15. Nb3 a5
16. Be3 Qc7 17. Nd4 Nd7 18. Nb5 Qc8 19. Bxe4 dxe4 20. f5 exf5 21. Rxf5 O-O 22.
Raf1 Ra6 23. c3 Bd5 24. Nd6 Bxd6 25. Qxa6 Qxa6 0-1

[Event "DEM U18w 2005"]
[Site "Willingen GER"]
[Date "2005.05.17"]
[Round "4"]
[White "Dubel, Natali"]
[Black "Dietzen, Corinna"]
[Result "0-1"]
[Termination "normal"]
[Board "11"]
[WhiteElo "1400"]
[BlackElo "1895"]
[PlyCount "54"]
[WhiteFideId "24642185"]
[BlackFideId "24621021"]
[EventCountry "GER"]
[EventRounds "9"]
[EventType "swiss"]
[EventDate "2005.05.15"]

1. d4 Nf6 2. c4 e6 3. g3 d5 4. Bg2 c6 5. Qc2 Bd6 6. Nf3 Nbd7 7. O-O O-O 8. Nbd2
b6 9. a3 a5 10. Re1 Bb7 11. e4 dxe4 12. Nxe4 Bc7 13. Nxf6+ Nxf6 14. Be3 Rc8 15.
c5 b5 16. Rad1 Qe8 17. Ne5 Nd5 18. Bxd5 cxd5 19. f4 f6 20. Nf3 Qc6 21. Bd2 Rce8
22. b4 a4 23. Bc3 e5 24. fxe5 fxe5 25. Nxe5 Bxe5 26. Rxe5 Rxe5 27. dxe5 d4 0-1

[Event "DEM U18w 2005"]
[Site "Willingen GER"]
[Date "2005.05.17"]
[Round "4"]
[White "Stemmler, Lysan"]
[Black "Kohm, Vanessa"]
[Result "1/2-1/2"]
[Termination "normal"]
[Board "12"]
[WhiteElo "1754"]
[BlackElo "1501"]
[PlyCount "210"]
[WhiteFideId "24622451"]
[BlackFideId "4674472"]
[EventCountry "GER"]
[EventRounds "9"]
[EventType "swiss"]
[EventDate "2005.05.15"]

1. e4 e5 2. Nf3 Nc6 3. d4 exd4 4. Nxd4 Bc5 5. Be3 Qf6 6. c3 Nge7 7. Bc4 Bb6 8.
O-O O-O 9. Na3 Qg6 10. Nxc6 Nxc6 11. Bxb6 axb6 12. Re1 Ne5 13. Bb3 d6 14. f3
Bh3 15. g3 h5 16. Nc4 Nxc4 17. Bxc4 Kh8 18. Bf1 Be6 19. a3 h4 20. g4 f5 21.
exf5 Bxf5 22. Bg2 Bc2 23. Qd2 Ba4 24. Re7 Rac8 25. Rae1 Bc6 26. Qf2 Qg5 27. h3
Rf6 28. b4 Rcf8 29. R1e3 R6f7 30. Rxf7 Rxf7 31. c4 Qf6 32. b5 Bd7 33. Re4 g5
34. Qe3 d5 35. cxd5 Bxb5 36. Re5 Rg7 37. Re6 Qf7 38. Qe5 Kg8 39. d6 cxd6 40.
Rxd6 Bc6 41. Rf6 Qe7 42. Qc3 Rf7 43. Rh6 Qc5+ 44. Qxc5 bxc5 45. Rg6+ Rg7 46.
Rf6 c4 47. Bf1 c3 48. Bc4+ Kh7 49. Bd3+ Kh8 50. Rf8+ Rg8 51. Rf7 Rd8 52. Bf5
Rd2 53. Rh7+ Kg8 54. Rh5 c2 55. Rxg5+ Kf7 56. Bxc2 Rxc2 57. Rh5 Rc3 58. Rxh4
Rxf3 59. a4 Rf4 60. a5 Ra4 61. Rh5 Kg6 62. Kf2 Ra2+ 63. Kg3 Rg2+ 64. Kf4 Rh2
65. Kg3 Rh1 66. Kf2 Kf6 67. Kg3 Be8 68. Rh7 Bf7 69. Rh6+ Bg6 70. Rh8 Ra1 71.
Rb8 Be4 72. Kf4 Bg2 73. g5+ Kg6 74. h4 Rxa5 75. Kg4 Ra4+ 76. Kg3 Bc6 77. Rh8
Bd7 78. Rh6+ Kg7 79. Rb6 Bc6 80. h5 Ra5 81. Kf4 Rd5 82. Rb1 b5 83. Ra1 Be8 84.
Ra7+ Kh8 85. h6 Bg6 86. Rb7 Kg8 87. Rg7+ Kh8 88. Rxg6 b4 89. Rb6 Rd4+ 90. Ke5
Rg4 91. Kf6 Rf4+ 92. Kg6 Rf8 93. Rxb4 Rg8+ 94. Kf6 Kh7 95. Rb7+ Kh8 96. g6 Rf8+
97. Ke6 Re8+ 98. Kf7 Ra8 99. Kf6 Rf8+ 100. Rf7 Rb8 101. Ke7 Rb7+ 102. Kf6 Rb8
103. g7+ Kg8 104. h7+ Kxh7 105. Rf8 Rb6+ 1/2-1/2

[Event "DEM U18w 2005"]
[Site "Willingen GER"]
[Date "2005.05.17"]
[Round "5"]
[White "Butschek, Tanja"]
[Black "Romakin, Helene"]
[Result "0-1"]
[Termination "normal"]
[Board "1"]
[WhiteElo "2025"]
[BlackElo "2013"]
[PlyCount "78"]
[WhiteFideId "24604640"]
[BlackFideId "24605964"]
[EventCountry "GER"]
[EventRounds "9"]
[EventType "swiss"]
[EventDate "2005.05.15"]

1. e4 c5 2. Nf3 d6 3. Bb5+ Bd7 4. Bxd7+ Qxd7 5. O-O Nc6 6. c3 Nf6 7. d4 Nxe4 8.
d5 Ne5 9. Re1 Nf6 10. Nxe5 dxe5 11. c4 O-O-O 12. Nc3 e6 13. Bg5 h6 14. Bh4 Be7
15. dxe6 Qxe6 16. Qa4 a6 17. Bg3 Bd6 18. Rad1 h5 19. f4 h4 20. Bf2 Ng4 21. Rd5
Nxf2 22. Kxf2 Bc7 23. fxe5 Rxd5 24. Nxd5 Bxe5 25. Qc2 Bg3+ 26. hxg3 hxg3+ 27.
Kf3 Qxe1 28. Qf5+ Qe6 29. Qxe6+ fxe6 30. Ne7+ Kd7 31. Ng6 Rh1 32. a3 Kd6 33.
Nf4 Rb1 34. Nd3 e5 35. b4 b6 36. bxc5+ bxc5 37. Ke4 Ra1 38. a4 Rf1 39. a5 Rf2
0-1

[Event "DEM U18w 2005"]
[Site "Willingen GER"]
[Date "2005.05.17"]
[Round "5"]
[White "Krege, Sandra"]
[Black "Schulze, Dorothee"]
[Result "1/2-1/2"]
[Termination "normal"]
[Board "2"]
[WhiteElo "1988"]
[BlackElo "1955"]
[PlyCount "51"]
[WhiteFideId "4680910"]
[BlackFideId "24609498"]
[EventCountry "GER"]
[EventRounds "9"]
[EventType "swiss"]
[EventDate "2005.05.15"]

1. e4 c5 2. Nf3 d6 3. d4 cxd4 4. Nxd4 Nf6 5. Nc3 g6 6. Be3 Bg7 7. f3 O-O 8. Qd2
Nc6 9. O-O-O Nxd4 10. Bxd4 Be6 11. Kb1 Qc7 12. Nd5 Bxd5 13. exd5 Rfc8 14. Rc1
a5 15. g4 a4 16. a3 Ra5 17. c4 e5 18. dxe6 fxe6 19. Qe3 Qf7 20. Bd3 e5 21. Bc3
Rac5 22. Bb4 R5c6 23. Rcd1 e4 24. Bxe4 Nxe4 25. fxe4 Qxc4 26. Rc1 1/2-1/2

[Event "DEM U18w 2005"]
[Site "Willingen GER"]
[Date "2005.05.17"]
[Round "5"]
[White "Hoolt, Sarah"]
[Black "Busse, Nadine"]
[Result "0-1"]
[Termination "normal"]
[Board "3"]
[WhiteElo "2050"]
[BlackElo "1710"]
[PlyCount "76"]
[WhiteFideId "24606812"]
[BlackFideId "24632023"]
[EventCountry "GER"]
[EventRounds "9"]
[EventType "swiss"]
[EventDate "2005.05.15"]

1. e4 c5 2. Nf3 e6 3. d4 cxd4 4. Nxd4 a6 5. Nc3 Qc7 6. g3 b5 7. a3 Bb7 8. Bg2
Nf6 9. O-O Be7 10. h3 d6 11. g4 h6 12. h4 Nfd7 13. g5 hxg5 14. Bxg5 Bxg5 15.
hxg5 Ke7 16. g6 Nf6 17. gxf7 Nbd7 18. Qe2 Qc5 19. Nf5+ Kxf7 20. Ng3 Nh5 21.
Nxh5 Rxh5 22. Qf3+ Nf6 23. Rad1 Rah8 24. Rfe1 Qg5 25. Kf1 Ke7 26. Qd3 Qc5 27.
Bf3 Rh3 28. Re3 Nd7 29. b4 Qb6 30. Ne2 Rf8 31. Ng1 Ne5 32. Qe2 Rh2 33. Bg2 Ng6
34. Nh3 Nh4 35. Rg3 Nxg2 36. Rxg7+ Kd8 37. Rxg2 Rxh3 38. Qg4 Rh1+ 0-1